| 000 | 00544nam a2200193 a 4500 | ||
|---|---|---|---|
| 005 | 20140310183339.0 | ||
| 008 | 061115s19uu xx 00 eng d | ||
| 020 | _a0316057908 | ||
| 050 |
_aBF 448 _b.G53 2005 |
||
| 100 | _aGladwell, Malcolm | ||
| 245 |
_aBlink : _bthe power of thinking without thinking / _cMalcolm Gladwell |
||
| 260 |
_aNew York : _bLittle Brown and Company, _c2005. |
||
| 300 |
_a287 p. : _c19 cm. |
||
| 521 | _aBSBA | ||
| 650 | _aDecision making. | ||
| 650 | _aInstruction. | ||
| 942 |
_cBK _2lcc _kFOR |
||
| 999 |
_c21770 _d21770 |
||